Lenguaje y sociedad /

Guardado en:
Autor Principal: Bram, Joseph
Formato: Libro
Publicado: Buenos Aires : Paidos, 1967
Edición:2a. ed.
Series:Biblioteca Del Hombre Contempo
Materias:
Etiquetas: Agregar Etiqueta
Sin Etiquetas, Sea el primero en etiquetar este registro!
LEADER 00559nam a22002055a 4500
001 EHU.bham024129
003 AR-BHAM
005 20130507105547.0
008 130507s1967##################000#0#####d
082 4 0 |a 404.2 
100 1 |a Bram, Joseph 
245 1 0 |a Lenguaje y sociedad /  |c Joseph Bram 
250 |a 2a. ed. 
260 |a Buenos Aires :  |b Paidos,  |c 1967 
300 |a 116 p. 
490 0 |a Biblioteca Del Hombre Contempo 
653 |a Lenguaje 
653 |a Sociedad 
653 |a Sociolinguistica 
859 |a AR-BHAM  |b BIB. HUMANIDADES - General  |h 404.2  |i B732  |p 653.01  |t Ej.1